1085 1923 1165 1518 1699 1462 1123 1587 1457 1891 1554 1963 1689 1403 1270 1498 1857 1078 1229 1935 1143 1801 1093 1755 1355 1177 1642 1898 1279 1097 1900 1905 1015 1778 1579 1172 1107 1989 1360 1752 1388 1624 1068 1360 1822 1896 1052 1477 1784 1313 1966 1084 1458 1274 1817 1533 1956 1234 1678 1370 1051 1221 1065 1173 1953 1211 1973 1991 1370 1249 1291 1391 1940 1269 1219 1117 1905 1376 1036 1820 1035 1907 1327 1439 1162 1884 1472 1701 1901 1029 1610 1392 1486 1485 1317 1512 1336 1361 1316 BCNSPRNW ULIB Ver.6.0+V

เปลี่ยนเป็นภาษาไทย

Change to English
 แสดงรายละเอียดบรรณานุกรม
  กลับหน้าหลัก

Brief Record : Get Marc (ISO 2709) : E-mail record : QR code < ปิดหน้าต่าง
LEADER : 00000nam 2200000uu 4500
001    13399112153
003     ULIB
008    110627s2550||||th 000 0 tha d
020    9789747503968
090    นว.^bน283อ 2550
100 0  นลัท
245 00 อุ่นไอ ใต้เงารัก/^cนลัท
250    พิมพ์ครั้งที่ 2
260    กรุงเทพฯ :^bแจ่มใส,^c2550
300    370 หน้า
710 1  แจ่มใส
945    ^p229^l0^i022025
995    ทศพร
999 ^a ใช้งานได้ทุกระบบ
รายการนี้ยังไม่มีแท็ก
คุณยังไม่ได้ล็อกอิน คุณสามารถมีกิจกรรมร่วมกับเว็บไซต์ได้ แต่ต้องล็อกอินก่อน ::
  ล็อกอิน

รายการสื่อสารสนเทศ

ลำดับที่ ประเภท เลขเรียก/บาร์โค้ด สถานที่ สถานะ
- ไม่พบข้อมูล -

รายการใกล้เคียง
    ผู้แต่ง [นลัท]

BibComment


ยังไม่เคยถูกคอมเมนท์

คอมเมนท์ทรัพยากรรายการนี้
  คอมเมนท์: อุ่นไอ ใต้เงารัก ..


 Copyright 2026. Bcnsprnw @Library